00709nam a2200193 a 450000100100000000500170001000800410002704000250006808200180009310000410011124500700015226000430022230000430026565000280030865000310033604900090036795201220037699900170049800002295620200930021908.0101123s1988 sp abc r 000 f spa d aDO-SdBNPbspacBNPHU a863.64bA345h1 aAlburquerque Pérez, Antonio92138210aHermenegildo rey de Andalucía /cAntonio Alburquerque Pérez,. aMadrid, (España) :bEl Alamo,c1988. a80 p. :bil., mapas ; retrs. ;c18 cm. 4aNovela española91123 4aLiteratura española9632 aBNGR 001054708MOaGRbGRcCTd2010-11-24iLF1l0o863.64 A345hp22956-10r2020-06-25w2020-06-25y4ZPréstamo en sala c22453d22453